000 00653nam a2200241Ia 4500
003 OSt
005 20220928120821.0
006 a|||||r|||| 00| 0
007 ta
008 220927b |||||||| |||| 00| 0 eng d
024 _a77059
037 _cTextual
040 _aSDCL
_cSDCL
_beng
041 _2eng
_aeng
082 _aD65264, P6
100 _aWolff Ingo
_9451281
245 0 _aCoplanar microwave integrated circuits.
260 _aNew Jersey
_bWiley-Interscience
_c2006
300 _axii,545p
_ccm.
650 _aMicrowave Engineering
_9451282
942 _hD65264, P6
_cTEXL
_2CC
999 _c765361
_d765361